00607nam a2200157Ia 4500003000900000008004100009040001600050080001600066100002800082245019700110260003400307300000900341650004100350650002900391650002900420IN-BaIIA211028s9999 xx 000 0 eng d cIIA Library a081:53bBOR aUniversity of Edinburgh 0aScientific papers presented to max born on his retirement from the tait chair of natural philosophy in the university of edinburghcUniversity of Edinburgh  aLondonbOliver and Boydc1953 a94p. aAstronomy and Astrophysics Thesaurus aCollected Works-Max Born aMax Born Collected Works